000 00620nam a2200217 i 4500
001 bg
100 1 _aZakrzewski, Marek
_d(1923- ).
245 1 0 _aWytrzymałość materiałów /
_cMarek Zakrzewski, Jerzy Zawadzki.
260 _aWarszawa :
_bPańst. Wydaw. Naukowe,
_c1983.
300 _a420 s. :
_brys., wykr. ;
_c24 cm.
650 9 _aWytrzymałość materiałów
655 _aPodręczniki akademickie
700 1 _aZawadzki, Jerzy.
020 _a8301020644
040 _cBPK
041 0 _apl
080 _a539.4(075.8)
920 _a83-01-02064-4
942 _cKS
008 s pl f |000 0 pol
999 _c25270
_d25270
856 _uhttp://koha.tu.koszalin.pl/cgi-bin/koha/opac-detail.pl?biblionumber=25270
_yKatalog online BPK